000 00185 a2200097 4500
020 _a9781558854901
041 _aspa
100 _aVictor Villaseǫr
245 _aŁMacho!
942 _cBK
999 _c28967
_d28965